Robbins basic pathology / (Record no. 17361)
[ view plain ]
| 000 -LEADER | |
|---|---|
| fixed length control field | 00645nam a22002532 4500 |
| 001 - CONTROL NUMBER | |
| control field | 0000020214 |
| 003 - CONTROL NUMBER IDENTIFIER | |
| control field | OSt |
| 005 - DATE AND TIME OF LATEST TRANSACTION | |
| control field | 20181030164931.0 |
| 008 - FIXED-LENGTH DATA ELEMENTS--GENERAL INFORMATION | |
| fixed length control field | 110901s xx 000 0 eng d |
| 020 ## - INTERNATIONAL STANDARD BOOK NUMBER | |
| International Standard Book Number | 8131233993: |
| 040 ## - CATALOGING SOURCE | |
| Original cataloging agency | KABU |
| Transcribing agency | KABU |
| 050 ## - LIBRARY OF CONGRESS CALL NUMBER | |
| Classification number | RB111 |
| Item number | .R63 2013 c.1 |
| 245 10 - TITLE STATEMENT | |
| Title | Robbins basic pathology / |
| Statement of responsibility, etc. | Vinay Kumar, |
| 250 ## - EDITION STATEMENT | |
| Edition statement | 9th ed. |
| 260 ## - PUBLICATION, DISTRIBUTION, ETC. (IMPRINT) | |
| Place of publication, distribution, etc. | London : |
| Name of publisher, distributor, etc. | Saunders, |
| Date of publication, distribution, etc. | 2003. |
| 300 ## - PHYSICAL DESCRIPTION | |
| Extent | xii, 873 p. |
| 650 #0 - SUBJECT ADDED ENTRY--TOPICAL TERM | |
| Topical term or geographic name as entry element | Pathology. |
| 700 1# - ADDED ENTRY--PERSONAL NAME | |
| Personal name | Kumar, Vinay. |
| 710 ## - ADDED ENTRY--CORPORATE NAME | |
| Relator code | Abul K. Abbas |
| 710 ## - ADDED ENTRY--CORPORATE NAME | |
| Relator code | Jon C. Aster |
| 908 ## - PUT COMMAND PARAMETER (RLIN) | |
| Put command parameter | 110901 |
| 942 ## - ADDED ENTRY ELEMENTS (KOHA) | |
| Source of classification or shelving scheme | Library of Congress Classification |
| Koha item type | General Collection |
| Withdrawn status | Lost status | Source of classification or shelving scheme | Not for loan | Home library | Current library | Date acquired | Cost, normal purchase price | Total Checkouts | Total Renewals | Full call number | Barcode | Date last seen | Date last checked out | Price effective from | Koha item type |
|---|---|---|---|---|---|---|---|---|---|---|---|---|---|---|---|
| Library of Congress Classification | Kabarak, Main Campus | Kabarak, Main Campus | 30/10/2018 | 6750.00 | 19 | 3 | RB111 .R63 2013 c.1 | 024584 | 27/01/2025 | 10/01/2025 | 30/10/2018 | General Collection |